| 000 | 01501nam0a2200373 4500 | ||
|---|---|---|---|
| 001 | RU\NLR\BIBL_A\022636455 | ||
| 005 | 20260420054353.0 | ||
| 010 |
_a978-5-389-20386-0 _92000 |
||
| 021 |
_aRU _bАЛ-П-25-00531и _9АЛ-П-25-0111 |
||
| 035 | _a(NLR Aleph) 022636455 | ||
| 090 |
_a13685072 _c13685072 |
||
| 100 | _a20251003d2025 u y0rusy50 ca | ||
| 101 | 1 |
_arus _cjpn |
|
| 102 | _aRU | ||
| 105 | _aa|||t|||000ay | ||
| 181 | 0 |
_ab3 _bbb2e |
|
| 181 | 0 |
_ai2 _baxxe |
|
| 182 | 0 | _an | |
| 200 | 1 |
_aТокийский гуль _ezakki _e[артбук] _fСуи Исида _g[перевод с японского Анастасии Деминой] |
|
| 203 |
_aИзображение _aТекст _bвизуальные _cнепосредственные |
||
| 210 |
_aСанкт-Петербург _cАзбука-Аттикус, Азбука _d2025 |
||
| 215 |
_a111 с. _cил., цв. ил. _d25 |
||
| 333 | _a18+ | ||
| 600 | 1 |
_aИсида _bС. _f1986 _gСуи _92518337 _3RU\NLR\AUTH\6601707027 |
|
| 686 | 0 | _aЩ153(5Я)6-475 | |
| 686 | 1 | _aШ5(5Я)6-4Исида | |
| 686 | 1 | _aЩ153(5Я)6-8Исида | |
| 700 | 1 |
_7ca _8rus _aИсида _bС. _f1986- _gСуи _9197918 _3RU\NLR\AUTH\770197969 |
|
| 702 | 1 |
_4730 _7ca _8rus _aДемина _bА. В. _cпереводчик _gАнастасия Владимировна _988378 _3RU\NLR\AUTH\77105453 |
|
| 942 | _cBOOK | ||
| 980 | _aNB | ||